Bionicle, Vol. 4: (Record no. 4322)
[ view plain ]
| 000 -LEADER | |
|---|---|
| fixed length control field | 00875nam a22002417a 4500 |
| 001 - CONTROL NUMBER | |
| control field | 4322 |
| 003 - CONTROL NUMBER IDENTIFIER | |
| control field | FISKH |
| 005 - DATE AND TIME OF LATEST TRANSACTION | |
| control field | 20251205110148.0 |
| 008 - FIXED-LENGTH DATA ELEMENTS--GENERAL INFORMATION | |
| fixed length control field | 240718b cb ||||| |||| 00| 0 eng d |
| 020 ## - INTERNATIONAL STANDARD BOOK NUMBER | |
| International Standard Book Number | 9781597071321 |
| 040 ## - CATALOGING SOURCE | |
| Original cataloging agency | FISKH |
| Language of cataloging | eng |
| Transcribing agency | FISKH |
| Modifying agency | FISKH |
| 050 ## - LIBRARY OF CONGRESS CALL NUMBER | |
| Classification number | PZ7 |
| 082 ## - DEWEY DECIMAL CLASSIFICATION NUMBER | |
| Classification number | 741.5 |
| 100 ## - MAIN ENTRY--PERSONAL NAME | |
| Personal name | Farshtey, Greg |
| 245 ## - TITLE STATEMENT | |
| Title | Bionicle, Vol. 4: |
| Remainder of title | Trial by Fire / |
| Statement of responsibility, etc. | Greg Farshtey |
| 250 ## - EDITION STATEMENT | |
| Edition statement | This edition published in 2009 |
| 260 ## - PUBLICATION, DISTRIBUTION, ETC. | |
| Place of publication, distribution, etc. | New York : |
| Name of publisher, distributor, etc. | Papercutz, |
| Date of publication, distribution, etc. | 2003 |
| 300 ## - PHYSICAL DESCRIPTION | |
| Extent | 77 unnumbered pages : |
| Other physical details | 20 cm |
| Dimensions | color illustrations ; |
| 520 ## - SUMMARY, ETC. | |
| Summary, etc. | The city of Metru Nui, long peaceful under the reign of Turaga Dume, is under attack. Only Toa Lhikan is left. Now it is up to him to bring forth the next generation of Toa to save Metru Nui. |
| 650 ## - SUBJECT ADDED ENTRY--TOPICAL TERM | |
| Topical term or geographic name entry element | Bionicle |
| Form subdivision | Science Fiction |
| General subdivision | Comic Book |
| Chronological subdivision | Robots |
| 942 ## - ADDED ENTRY ELEMENTS (KOHA) | |
| Source of classification or shelving scheme | Dewey Decimal Classification |
| Koha item type | Books |
| Suppress in OPAC | No |
| Withdrawn status | Lost status | Source of classification or shelving scheme | Damaged status | Not for loan | Collection | Home library | Current library | Shelving location | Date acquired | Total Checkouts | Full call number | Barcode | Date last seen | Date last checked out | Copy number | Price effective from | Koha item type |
|---|---|---|---|---|---|---|---|---|---|---|---|---|---|---|---|---|---|
| Dewey Decimal Classification | Fiction | Footprints International School Library Network Toul Kork Campus | Footprints International School Library Network Toul Kork Campus | A TK Campus, Comic Books (All Reading Levels), B401 Bookcase 1/2, Shelf 3 | 07/18/2024 | 1 | FAR 741.5 PZ7 | FISTK01010 | 10/31/2025 | 10/31/2025 | 1 | 07/18/2024 | Books | ||||
| Dewey Decimal Classification | Fiction | Footprints International School Library Network Toul Tom Poung Campus | Footprints International School Library Network Toul Tom Poung Campus | TTP Comic Books all Levels | 12/02/2025 | FAR 741.5 PZ7 | 2025-5001 | 12/02/2025 | 2 | 12/02/2025 | Books |
